El Mar inevitable : obra poètica 1963 - 2006 / Josefina Vidal ; edició a cura de Susanna Rafart ; epíleg d'Antoni Puigverd obra poètica 1963 - 2006 / Josefina Vidal ; edició a cura de Susanna Rafart ; epíleg d'Antoni Puigverd
ISBN:
84-8437-928-0
Descripción Física:
489 p. : il. ; 24 cm
MARC
| LEADER | 00000nam a2200000Ia 4500 | ||
|---|---|---|---|
| 001 | 18558 | ||
| 008 | 160829s2006 xx 000 0 cat d | ||
| 020 | |a 84-8437-928-0 | ||
| 080 | |a L-2-81 | ||
| 100 | |a Vidal, Josefina |9 41521 | ||
| 245 | |a El Mar inevitable : |b obra poètica 1963 - 2006 / Josefina Vidal ; edició a cura de Susanna Rafart ; epíleg d'Antoni Puigverd | ||
| 260 | |a Barcelona : |b Proa : |b Diputació de Barcelona, |c 2006 | ||
| 300 | |a 489 p. : |b il. ; |c 24 cm | ||
| 700 | |a Rafart, Susanna, ed. |9 41522 | ||
| 700 | |a Puigverd, Antoni |9 41523 | ||
| 710 | 1 | |a Barcelona (Catalunya : Província). |b Diputació |9 52408 | |
| 901 | |a Arxiu | ||
| 942 | |n 1 | ||
| 952 | |0 0 |1 0 |4 0 |6 L281 |7 1 |9 50239 |a Arxiu |b Arxiu |d 2016-12-01 |l 0 |o L-2-81 |p 18558 |r 2016-12-01 00:00:00 |w 2016-12-01 |y ARXIU | ||
| 999 | |c 54081 |d 54081 | ||